[Event "European Club Cup 2006"]
[Site "Fuegen AUT"]
[Date "2006.10.09"]
[Round "2.106"]
[White "Johannesson, Ingvar Thor"]
[Black "Lipskij, Valerij"]
[Result "1-0"]
[WhiteElo "2271"]
[BlackElo "2140"]
[PlyCount "93"]
[EventDate "2006.10.08"]
[EventType "team"]
[EventRounds "7"]
[EventCountry "AUT"]
[Source "lmi"]
[SourceDate "2006.10.08"]

1. d4 Nf6 2. c4 e5 3. dxe5 Ng4 4. e3 Nxe5 5. Nh3 Bb4+ 6. Bd2 Bxd2+ 7. Qxd2 d6
8. Nf4 O-O 9. Nc3 Be6 10. b3 Nbd7 11. Be2 Ng6 12. Nxe6 fxe6 13. g3 Qf6 14. O-O
Rae8 15. f4 Qd8 16. Bf3 b6 17. b4 e5 18. a4 exf4 19. exf4 Nf6 20. Nb5 a6 21.
Nd4 c5 22. Nc6 Qc7 23. b5 Ne7 24. Nxe7+ Rxe7 25. bxa6 Rd8 26. a5 d5 27. axb6
Qxb6 28. Qa5 Qxa5 29. Rxa5 Ne4 30. Re1 Ra7 31. cxd5 Nd2 32. Bg4 c4 33. Ra3 Kf8
34. Be6 Rd6 35. Rd1 Nb3 36. f5 Nc5 37. Rc3 Raxa6 38. Rxc4 Nxe6 39. fxe6 Ra5 40.
Rf1+ Ke8 41. Rc8+ Rd8 42. Rf8+ Kxf8 43. Rxd8+ Ke7 44. Rd7+ Ke8 45. Rxg7 Rxd5
46. Rxh7 Re5 47. e7 1-0

[Event "European Club Cup 2006"]
[Site "Fuegen AUT"]
[Date "2006.10.09"]
[Round "2.107"]
[White "Pedersen, Nicolai Vesterbaek"]
[Black "Kjartansson, David"]
[Result "1-0"]
[WhiteElo "2510"]
[BlackElo "2288"]
[PlyCount "79"]
[EventDate "2006.10.08"]
[EventType "team"]
[EventRounds "7"]
[EventCountry "AUT"]
[Source "lmi"]
[SourceDate "2006.10.08"]

1. e4 c5 2. c3 d5 3. exd5 Qxd5 4. d4 g6 5. Nf3 Bg7 6. Na3 Nf6 7. Bc4 Qe4+ 8.
Be3 O-O 9. dxc5 Ng4 10. Qd5 Qxd5 11. Bxd5 Nxe3 12. fxe3 Nd7 13. c6 bxc6 14.
Bxc6 Rb8 15. O-O-O Nc5 16. Rd5 Ne6 17. Ra5 Rb6 18. Bd5 Ba6 19. Nc4 Bxc4 20.
Bxc4 Rc8 21. Bb3 a6 22. Kc2 Nc5 23. Rd1 Bh6 24. Re1 e6 25. Bc4 Bg7 26. Nd4 e5
27. Nb3 Ne4 28. Rxa6 Rbb8 29. Na5 Nc5 30. Ra7 e4 31. Nb3 Kh8 32. Rxf7 Na4 33.
Be6 Rd8 34. Bd7 Nb6 35. Bc6 Nc4 36. Bxe4 Re8 37. Bf3 Nxe3+ 38. Kb1 Bh6 39. Rb7
Rbd8 40. Nd4 1-0

[Event "European Club Cup 2006"]
[Site "Fuegen AUT"]
[Date "2006.10.09"]
[Round "2.108"]
[White "Halldorsson, Halldor"]
[Black "Abeln, Michiel"]
[Result "0-1"]
[WhiteElo "2226"]
[BlackElo "2380"]
[PlyCount "58"]
[EventDate "2006.10.08"]
[EventType "team"]
[EventRounds "7"]
[EventCountry "AUT"]
[Source "lmi"]
[SourceDate "2006.10.08"]

1. e4 c6 2. d4 d5 3. e5 c5 4. dxc5 Nc6 5. Bb5 e6 6. Be3 Nge7 7. c3 Bd7 8. Bxc6
Nxc6 9. f4 g5 10. fxg5 Nxe5 11. Nf3 Nc6 12. O-O Bg7 13. Bf4 b6 14. Bd6 bxc5 15.
Bxc5 Qc7 16. Re1 O-O-O 17. Na3 Qa5 18. Bd6 h6 19. Qe2 e5 20. c4 e4 21. cxd5
exf3 22. Qxf3 Nd4 23. Rac1+ Kb7 24. Qxf7 Nf5 25. Be7 Bd4+ 26. Kh1 Qa6 27. g4
Qd3 28. Rc2 Qf3+ 29. Rg2 Ng3+ 0-1

[Event "European Club Cup 2006"]
[Site "Fuegen AUT"]
[Date "2006.10.09"]
[Round "2.109"]
[White "Welling, Gerard"]
[Black "Asgeirsson, Heimir"]
[Result "0-1"]
[WhiteElo "2371"]
[BlackElo "2191"]
[PlyCount "112"]
[EventDate "2006.10.08"]
[EventType "team"]
[EventRounds "7"]
[EventCountry "AUT"]
[Source "lmi"]
[SourceDate "2006.10.08"]

1. Nf3 Nf6 2. g3 g6 3. Bg2 Bg7 4. O-O O-O 5. d4 d5 6. c4 c6 7. cxd5 cxd5 8. Ne5
Qb6 9. Nc3 Nc6 10. Na4 Qb5 11. Bg5 e6 12. Nxc6 Qxc6 13. Rc1 Qe8 14. Bf4 Qd8 15.
Bc7 Qe7 16. Be5 Bd7 17. Nc5 Bc6 18. Qd3 Rfd8 19. b4 b6 20. Nb3 Qd7 21. Rc2 Rac8
22. Rfc1 Ne4 23. Bxg7 Kxg7 24. Bxe4 dxe4 25. Qc3 Bb7 26. Qb2 Qd5 27. e3 Rxc2
28. Rxc2 Rc8 29. Rxc8 Bxc8 30. Qd2 Ba6 31. Nc1 Qb5 32. Qe1 Qc4 33. Kg2 h5 34.
h4 Qc2 35. Kg1 Bc4 36. Kg2 b5 37. Kg1 Kf8 38. Kg2 Ke7 39. Kg1 Kd7 40. Kg2 Kd6
41. Kg1 Kc6 42. Kg2 Kb6 43. Kg1 Qa4 44. Kg2 a5 45. bxa5+ Qxa5 46. Qd1 Qc3 47.
Kh2 Qb2 48. Kg2 Ka5 49. Nb3+ Kb6 50. Nc1 Bxa2 51. Nxa2 Qxa2 52. Qc1 Qc4 53. Qa3
b4 54. Qa8 b3 55. Qb8+ Ka5 56. Qa7+ Kb4 0-1

[Event "European Club Cup 2006"]
[Site "Fuegen AUT"]
[Date "2006.10.09"]
[Round "2.110"]
[White "Olafsson, Thorvardur"]
[Black "Ondersteijn, Niels"]
[Result "1-0"]
[WhiteElo "2151"]
[BlackElo "2288"]
[PlyCount "111"]
[EventDate "2006.10.08"]
[EventType "team"]
[EventRounds "7"]
[EventCountry "AUT"]
[Source "lmi"]
[SourceDate "2006.10.08"]

1. e4 c5 2. Nf3 g6 3. d4 cxd4 4. Nxd4 Nc6 5. Nc3 Bg7 6. Be3 Nf6 7. Bc4 O-O 8.
Bb3 a5 9. O-O d6 10. h3 Nxd4 11. Bxd4 Bd7 12. a4 Bc6 13. e5 dxe5 14. Bxe5 Qb6
15. Qe2 Qc5 16. Rfd1 Rfd8 17. Rxd8+ Rxd8 18. Rd1 Rxd1+ 19. Nxd1 Nd7 20. Bxg7
Qg5 21. Ne3 Kxg7 22. Qc4 e6 23. Qd4+ Kg8 24. c3 Qc5 25. Nc4 Bd5 26. Nd2 Bc6 27.
Nc4 b6 28. Bc2 Qxd4 29. cxd4 f6 30. f4 Kf7 31. Kf2 Ke7 32. g4 h6 33. Bxg6 Bxa4
34. h4 Bb3 35. Bd3 a4 36. g5 fxg5 37. fxg5 hxg5 38. hxg5 Bxc4 39. Bxc4 Kf7 40.
Ke3 Kg6 41. Kf4 Kf7 42. Bb5 Nf8 43. Bxa4 Ng6+ 44. Ke4 Ke7 45. Bc2 Nf8 46. Ke5
Nd7+ 47. Kf4 Nf8 48. Be4 Nd7 49. Ke3 Kd6 50. Kd3 b5 51. g6 Ke7 52. Bc6 Nf6 53.
Bxb5 Nd5 54. Kc2 Ne3+ 55. Kc3 Nd5+ 56. Kd2 1-0

[Event "European Club Cup 2006"]
[Site "Fuegen AUT"]
[Date "2006.10.09"]
[Round "2.112"]
[White "Bjornsson, Sverrir Orn"]
[Black "Span, Paul"]
[Result "1/2-1/2"]
[WhiteElo "2067"]
[BlackElo "2278"]
[PlyCount "54"]
[EventDate "2006.10.08"]
[EventType "team"]
[EventRounds "7"]
[EventCountry "AUT"]
[Source "lmi"]
[SourceDate "2006.10.08"]

1. d4 d5 2. c4 e6 3. Nc3 Be7 4. cxd5 exd5 5. Bf4 c6 6. e3 Bf5 7. g4 Be6 8. h3
Nd7 9. Bd3 h5 10. gxh5 Ndf6 11. Qb3 Qb6 12. Qc2 Nxh5 13. Be5 Ngf6 14. O-O-O Nd7
15. Bh2 Qa5 16. Kb1 Nb6 17. Ka1 Nc4 18. Bxc4 dxc4 19. e4 O-O 20. d5 Bd7 21. Qe2
Bb4 22. Qxh5 Bxc3 23. bxc3 Qxc3+ 24. Kb1 Qb4+ 25. Ka1 Qc3+ 26. Kb1 Qb4+ 27. Ka1
Qc3+ 1/2-1/2

[Event "European Club Cup 2006"]
[Site "Fuegen AUT"]
[Date "2006.10.09"]
[Round "2.114"]
[White "Wittmann, Walter"]
[Black "Gentilleau, Jean Philippe"]
[Result "1-0"]
[WhiteElo "2333"]
[BlackElo "2209"]
[PlyCount "131"]
[EventDate "2006.10.08"]
[EventType "team"]
[EventRounds "7"]
[EventCountry "AUT"]
[Source "lmi"]
[SourceDate "2006.10.08"]

1. e4 c5 2. Nf3 d6 3. d4 cxd4 4. Nxd4 Nf6 5. Nc3 Nc6 6. Bc4 Qb6 7. Nxc6 bxc6 8.
O-O e6 9. b3 Be7 10. Bb2 O-O 11. Qe2 e5 12. Kh1 Nd7 13. Na4 Qc7 14. Bd3 Nb6 15.
Nxb6 axb6 16. a4 Be6 17. Rad1 Rae8 18. Bc4 Bg5 19. Ba3 Bxc4 20. Qxc4 Re6 21.
Rd3 Be7 22. Rfd1 Ra8 23. Bb4 Rf6 24. Be1 Rf4 25. f3 d5 26. Rxd5 Ra7 27. R5d3 h6
28. Bg3 Rf6 29. Qc3 Re6 30. Bf2 Rb7 31. b4 Kh7 32. h4 c5 33. b5 g5 34. h5 f6
35. Qc4 Qc8 36. g4 Kg7 37. Kg2 Kf7 38. Rd5 Rc7 39. R1d3 Ra7 40. Be1 Qa8 41. Ra3
Qc8 42. a5 bxa5 43. Rxa5 Rxa5 44. Bxa5 Kf8 45. Be1 Rb6 46. Bf2 Rb7 47. Qa4 Qc7
48. Qa6 Rb6 49. Qa5 Kg7 50. Kf1 Kf7 51. Ke2 Kg7 52. Kd3 Kf7 53. Kc4 Kg7 54.
Bxc5 Bxc5 55. Rxc5 Qf7+ 56. Rd5 Rb7 57. Kd3 f5 58. gxf5 Qxh5 59. Ke3 Qh2 60.
Qa6 Qg1+ 61. Kd2 Qf2+ 62. Kc1 Qe1+ 63. Rd1 Qe3+ 64. Kb2 Rb6 65. Qa7+ Kf6 66.
Rd6+ 1-0

[Event "European Club Cup 2006"]
[Site "Fuegen AUT"]
[Date "2006.10.09"]
[Round "2.115"]
[White "Lebel, Patrick"]
[Black "Arwanitakis, Michael"]
[Result "0-1"]
[WhiteElo "2149"]
[BlackElo "2265"]
[PlyCount "42"]
[EventDate "2006.10.08"]
[EventType "team"]
[EventRounds "7"]
[EventCountry "AUT"]
[Source "lmi"]
[SourceDate "2006.10.08"]

1. b4 c6 2. e3 d5 3. Bb2 Bf5 4. Nf3 Nd7 5. c4 e6 6. a3 Ngf6 7. Be2 Bd6 8. d4 a6
9. Nbd2 Ne4 10. O-O Qf6 11. c5 Bc7 12. a4 g5 13. b5 g4 14. bxc6 bxc6 15. Nxe4
Bxe4 16. Nd2 Bxh2+ 17. Kxh2 Qh4+ 18. Kg1 Bxg2 19. Kxg2 Qh3+ 20. Kg1 Rg8 21. Qe1
Rg6 0-1

[Event "European Club Cup 2006"]
[Site "Fuegen AUT"]
[Date "2006.10.09"]
[Round "2.116"]
[White "Wagner, Stephan"]
[Black "Roussiere, Christophe"]
[Result "0-1"]
[WhiteElo "2231"]
[BlackElo "2118"]
[PlyCount "130"]
[EventDate "2006.10.08"]
[EventType "team"]
[EventRounds "7"]
[EventCountry "AUT"]
[Source "lmi"]
[SourceDate "2006.10.08"]

1. c4 e5 2. Nc3 Nf6 3. g3 Nc6 4. Bg2 Bb4 5. Nd5 Bc5 6. e3 O-O 7. Ne2 d6 8. d4
Bb6 9. O-O Nxd5 10. cxd5 Ne7 11. a4 a5 12. dxe5 dxe5 13. Qb3 Nf5 14. Nc3 Nd6
15. Bd2 Kh8 16. h3 f5 17. Nb5 Ne4 18. Bc3 Qe7 19. Rad1 Ra6 20. Kh2 Bc5 21. Qc4
Nxc3 22. Qxc3 Rg6 23. Qxa5 b6 24. Qc3 f4 25. exf4 exf4 26. Nd4 fxg3+ 27. fxg3
Rxf1 28. Rxf1 Bd6 29. Rf3 h5 30. Qe3 Qd8 31. Kh1 h4 32. g4 Qg8 33. Qf2 Bc5 34.
Rf4 Bb7 35. Qxh4+ Rh6 36. Qg5 Qe8 37. Ne6 Qxe6 38. Qd8+ Qg8 39. Qd7 Bd6 40. Re4
Bxd5 41. Re8 Rxh3+ 42. Kg1 Bc5+ 43. Kf1 Bc4+ 44. Ke1 Re3+ 45. Rxe3 Bxe3 46. Be4
Qf8 47. Bf5 Qb4+ 48. Kd1 Qd6+ 49. Qxd6 cxd6 50. b4 g5 51. Kc2 Bd4 52. a5 bxa5
53. bxa5 Kg7 54. Bd3 Be6 55. Be2 Kf6 56. Kd3 Ke5 57. Bf3 Bc8 58. Kc4 Ba6+ 59.
Kb4 Bc5+ 60. Kc3 d5 61. Bd1 Bb5 62. Kb3 Kd4 63. Bf3 Bc4+ 64. Ka4 Ke3 65. Bd1 d4
0-1

[Event "European Club Cup 2006"]
[Site "Fuegen AUT"]
[Date "2006.10.09"]
[Round "2.119"]
[White "Johannessen, Leif Erlend"]
[Black "Bujupi, Bajram"]
[Result "1/2-1/2"]
[WhiteElo "2551"]
[BlackElo "2227"]
[PlyCount "51"]
[EventDate "2006.10.08"]
[EventType "team"]
[EventRounds "7"]
[EventCountry "AUT"]
[Source "lmi"]
[SourceDate "2006.10.08"]

1. d4 Nf6 2. c4 d5 3. cxd5 Nxd5 4. e4 Nb6 5. Nc3 g6 6. h3 Bg7 7. Nf3 O-O 8. Be3
N8d7 9. Be2 c6 10. Qb3 Nf6 11. O-O Be6 12. Qc2 Bc4 13. Rfd1 Bxe2 14. Qxe2 Rc8
15. a4 a5 16. Rab1 Qc7 17. Rdc1 Qb8 18. b4 Qa8 19. b5 Nfd7 20. bxc6 Rxc6 21. d5
Rxc3 22. Rxc3 Bxc3 23. Bxb6 Nxb6 24. Rxb6 Qc8 25. Qb5 Bb4 26. Qe2 1/2-1/2

[Event "European Club Cup 2006"]
[Site "Fuegen AUT"]
[Date "2006.10.09"]
[Round "2.126"]
[White "Van Haastert, Edwin"]
[Black "Tweedie, Steven"]
[Result "1-0"]
[WhiteElo "2393"]
[BlackElo "2239"]
[PlyCount "51"]
[EventDate "2006.10.08"]
[EventType "team"]
[EventRounds "7"]
[EventCountry "AUT"]
[Source "lmi"]
[SourceDate "2006.10.08"]

1. e4 e5 2. Nf3 Nc6 3. Bb5 a6 4. Ba4 Nf6 5. O-O b5 6. Bb3 Bc5 7. c3 d6 8. a4
Bb7 9. d4 Bb6 10. Bg5 h6 11. Bxf6 Qxf6 12. Bd5 O-O 13. Na3 exd4 14. cxd4 b4 15.
Nc4 Ba7 16. Qd3 Nd8 17. Ne3 c6 18. e5 dxe5 19. dxe5 Qe7 20. Nf5 Qd7 21. Nxh6+
Kh8 22. Ng5 g6 23. Qf3 f6 24. Nhf7+ Rxf7 25. Nxf7+ Kg8 26. Nxd8+ 1-0

[Event "European Club Cup 2006"]
[Site "Fuegen AUT"]
[Date "2006.10.09"]
[Round "2.127"]
[White "Kafka, Graeme"]
[Black "Bosman, Michiel"]
[Result "0-1"]
[WhiteElo "2136"]
[BlackElo "2339"]
[PlyCount "132"]
[EventDate "2006.10.08"]
[EventType "team"]
[EventRounds "7"]
[EventCountry "AUT"]
[Source "lmi"]
[SourceDate "2006.10.08"]

1. e4 e5 2. Nf3 Nc6 3. Bb5 Nf6 4. O-O Bc5 5. Bxc6 dxc6 6. Nxe5 Nxe4 7. Qe2 Qd5
8. d3 Qxe5 9. Qxe4 Qxe4 10. dxe4 Be6 11. Nc3 O-O-O 12. Na4 Be7 13. Be3 b6 14.
a3 f5 15. e5 f4 16. Bc1 Bf5 17. c4 g5 18. b4 Bd3 19. Re1 Bxc4 20. h4 h6 21. Bb2
gxh4 22. Re4 Bb3 23. Nc3 f3 24. gxf3 Rhg8+ 25. Rg4 Rd2 26. Rb1 Rd3 27. Rxg8+
Bxg8 28. f4 Bh7 29. Rc1 Rd2 30. Nd1 c5 31. Bc3 Re2 32. Ne3 cxb4 33. axb4 Kd7
34. Ra1 a5 35. bxa5 bxa5 36. Rxa5 h3 37. Rd5+ Ke6 38. Rd2 Re1+ 39. Kh2 Be4 40.
Rd6+ cxd6 41. Bxe1 d5 42. Kxh3 d4 43. Ng4 h5 44. Nh2 Kd5 45. Nf1 Bf5+ 46. Kg2
h4 47. f3 Kc4 48. Nd2+ Kd3 49. Ne4 Ke2 50. Ba5 h3+ 51. Kg3 d3 52. Ng5 Bd8 53.
Bb4 Be7 54. Ba5 Bc5 55. e6 Bf2+ 56. Kh2 Be3 57. Nxh3 Bxe6 58. Ng1+ Kd1 59. f5
Bxf5 60. f4 Bxf4+ 61. Kg2 Bg4 62. Nf3 Ke2 63. Nd4+ Ke3 64. Nb3 Bd6 65. Bb6+ Ke4
66. Nc5+ Bxc5 0-1

[Event "European Club Cup 2006"]
[Site "Fuegen AUT"]
[Date "2006.10.09"]
[Round "2.128"]
[White "Van Wessel, Rudy"]
[Black "Purton, Ben"]
[Result "1/2-1/2"]
[WhiteElo "2321"]
[BlackElo "2091"]
[PlyCount "78"]
[EventDate "2006.10.08"]
[EventType "team"]
[EventRounds "7"]
[EventCountry "AUT"]
[Source "lmi"]
[SourceDate "2006.10.08"]

1. d4 d6 2. c4 e5 3. Nc3 exd4 4. Qxd4 Nc6 5. Qd2 g6 6. b3 Bg7 7. Bb2 Nf6 8. g3
O-O 9. Bg2 Re8 10. Nh3 Ne5 11. O-O Rb8 12. Nf4 a6 13. Rfd1 Bf5 14. h3 b5 15.
cxb5 axb5 16. Rac1 b4 17. Ncd5 Nxd5 18. Nxd5 c5 19. Ne3 Be6 20. f4 Nd7 21. Bxg7
Kxg7 22. Qxd6 Qa5 23. Qd2 Rbd8 24. Qb2+ f6 25. Rd6 Nb6 26. Rcd1 Nc8 27. Rxd8
Rxd8 28. Rxd8 Qxd8 29. Nf1 Na7 30. Nd2 Nb5 31. Qc2 Nc3 32. e3 Qa5 33. Ne4 Bf5
34. g4 Bxe4 35. Bxe4 Qxa2 36. Qxa2 Nxa2 37. Bd3 Kf7 38. Kf2 Nc3 39. h4 h6
1/2-1/2

[Event "European Club Cup 2006"]
[Site "Fuegen AUT"]
[Date "2006.10.09"]
[Round "2.129"]
[White "Armstrong, Malcolm"]
[Black "Bakker, Sven"]
[Result "0-1"]
[WhiteElo "2101"]
[BlackElo "2237"]
[PlyCount "104"]
[EventDate "2006.10.08"]
[EventType "team"]
[EventRounds "7"]
[EventCountry "AUT"]
[Source "lmi"]
[SourceDate "2006.10.08"]

1. d4 Nf6 2. Nf3 e6 3. e3 c5 4. Bd3 cxd4 5. exd4 Nc6 6. O-O Be7 7. c3 Qc7 8.
Bg5 b6 9. Nbd2 Bb7 10. Re1 Rc8 11. Qe2 Nd5 12. Bxe7 Nf4 13. Qe3 Nxe7 14. Be4
Ned5 15. Bxd5 Nxd5 16. Qe5 Nf6 17. Qxc7 Rxc7 18. Ne5 d6 19. Nd3 O-O 20. f3 Rd8
21. a4 a6 22. Kf2 Kf8 23. Ra3 Nd7 24. Ne4 Ke7 25. Ng3 g6 26. Nf1 Kf6 27. Ng3 a5
28. Ne4+ Ke7 29. Raa1 Nf6 30. Nxf6 Kxf6 31. Ra3 Ba6 32. Ke3 e5 33. dxe5+ dxe5
34. Nf2 Bc4 35. Rd1 Rxd1 36. Nxd1 Rd7 37. Nf2 Ke7 38. b3 Be6 39. c4 f5 40. Ra2
Kf6 41. Rd2 g5 42. Rxd7 Bxd7 43. Nd3 h5 44. Kd2 Bc6 45. Ke3 f4+ 46. Kf2 e4 47.
fxe4 Bxe4 48. Ne1 Ke5 49. h3 g4 50. hxg4 hxg4 51. g3 f3 52. Ke3 Bf5 0-1

[Event "European Club Cup 2006"]
[Site "Fuegen AUT"]
[Date "2006.10.09"]
[Round "2.130"]
[White "Wantola, Ivo"]
[Black "Edgell, Ben P"]
[Result "1/2-1/2"]
[WhiteElo "2226"]
[BlackElo "2012"]
[PlyCount "118"]
[EventDate "2006.10.08"]
[EventType "team"]
[EventRounds "7"]
[EventCountry "AUT"]
[Source "lmi"]
[SourceDate "2006.10.08"]

1. Nf3 Nf6 2. c4 c5 3. Nc3 Nc6 4. g3 g6 5. Bg2 Bg7 6. d4 cxd4 7. Nxd4 Nxd4 8.
Qxd4 d6 9. O-O O-O 10. Qd3 Rb8 11. Bd2 Nd7 12. e4 Ne5 13. Qe2 a6 14. a4 Be6 15.
Nd5 Re8 16. Rac1 Bd7 17. a5 Nc6 18. b4 Nd4 19. Qd3 e5 20. Bc3 Be6 21. Nb6 Qc7
22. Kh1 Rbd8 23. Rce1 Kh8 24. f4 f5 25. Rf2 Rf8 26. exf5 Bxf5 27. Be4 Bxe4+ 28.
Rxe4 Qc6 29. Kg1 Rde8 30. Nd5 Nf5 31. Rfe2 exf4 32. Ne7 Qd7 33. Bxg7+ Nxg7 34.
gxf4 Qg4+ 35. Rg2 Qd7 36. Qe3 Qa4 37. Qe1 Rf6 38. b5 Ref8 39. bxa6 bxa6 40. c5
Qa3 41. c6 d5 42. Re3 Qc5 43. c7 Re6 44. Qc3 Qxe3+ 45. Qxe3 Rxe3 46. c8=Q Rxc8
47. Nxc8 Re1+ 48. Kf2 Ra1 49. Ne7 Rxa5 50. Ke3 d4+ 51. Kxd4 Nf5+ 52. Nxf5 Rxf5
53. Ke4 Kg7 54. Rc2 Rf7 55. Rc5 Ra7 56. Ra5 Kf6 57. h4 Re7+ 58. Kf3 Ra7 59. Ke4
Re7+ 1/2-1/2

[Event "European Club Cup 2006"]
[Site "Fuegen AUT"]
[Date "2006.10.09"]
[Round "2.131"]
[White "Kiik, Kalle"]
[Black "Baburin, Alexander"]
[Result "1/2-1/2"]
[WhiteElo "2444"]
[BlackElo "2541"]
[PlyCount "64"]
[EventDate "2006.10.08"]
[EventType "team"]
[EventRounds "7"]
[EventCountry "AUT"]
[Source "lmi"]
[SourceDate "2006.10.08"]

1. Nf3 d5 2. b3 Nf6 3. Bb2 e6 4. e3 Be7 5. d4 O-O 6. Nbd2 a5 7. a3 b6 8. Bd3
Bb7 9. Ne5 Nbd7 10. f4 Ne4 11. O-O f5 12. Nxd7 Qxd7 13. Nf3 Bf6 14. a4 c5 15.
Qc1 Rac8 16. dxc5 Nxc5 17. Bb5 Qe7 18. Bxf6 gxf6 19. Qe1 Kh8 20. Nd4 Rg8 21.
Qe2 Rg4 22. Bd3 Rcg8 23. Rf2 Qg7 24. Rd1 Qh6 25. g3 Bc8 26. Rd2 Bd7 27. c3 Qf8
28. Qf1 Qc8 29. Bc2 Ne4 30. Bxe4 fxe4 31. Rc2 R4g7 32. c4 dxc4 1/2-1/2

[Event "European Club Cup 2006"]
[Site "Fuegen AUT"]
[Date "2006.10.09"]
[Round "2.132"]
[White "Heidenfeld, Mark"]
[Black "Ivanov, Sergei"]
[Result "0-1"]
[WhiteElo "2365"]
[BlackElo "2354"]
[PlyCount "88"]
[EventDate "2006.10.08"]
[EventType "team"]
[EventRounds "7"]
[EventCountry "AUT"]
[Source "lmi"]
[SourceDate "2006.10.08"]

1. e4 d5 2. exd5 Qxd5 3. Nc3 Qa5 4. Bc4 Nf6 5. Nge2 c6 6. d4 b5 7. Bd3 e6 8.
O-O Bb7 9. Ne4 Nbd7 10. c3 Qb6 11. N2g3 Nxe4 12. Nxe4 c5 13. Qe2 a6 14. dxc5
Nxc5 15. Nxc5 Bxc5 16. Be3 Bxe3 17. Qxe3 Qxe3 18. fxe3 Ke7 19. Rfd1 Rhd8 20.
Be2 Rac8 21. Bf3 Bxf3 22. gxf3 Rxd1+ 23. Rxd1 b4 24. cxb4 Rc2 25. Rd3 Rxb2 26.
a3 Ra2 27. h4 Kf6 28. Rc3 Kg6 29. Kf1 f6 30. Rc6 Rxa3 31. Rxe6 Ra2 32. Rb6 Rh2
33. Rxa6 Rxh4 34. Rb6 Rh2 35. Rb8 Rb2 36. b5 h5 37. b6 Kg5 38. Ke1 Kh4 39. f4
Kg4 40. Kd1 h4 41. Rb7 g5 42. Rb8 h3 43. b7 h2 44. Rh8 Kg3 0-1

[Event "European Club Cup 2006"]
[Site "Fuegen AUT"]
[Date "2006.10.09"]
[Round "2.134"]
[White "Keogh, Eamon"]
[Black "Jouhki, Yrjo Markus"]
[Result "0-1"]
[WhiteElo "2093"]
[BlackElo "2298"]
[PlyCount "102"]
[EventDate "2006.10.08"]
[EventType "team"]
[EventRounds "7"]
[EventCountry "AUT"]
[Source "lmi"]
[SourceDate "2006.10.08"]

1. e4 c5 2. Nc3 Nc6 3. g3 g6 4. Bg2 Bg7 5. d3 d6 6. Be3 Rb8 7. Qd2 b5 8. f4 b4
9. Nd1 Qb6 10. Nf3 f5 11. exf5 gxf5 12. O-O Nh6 13. a3 a5 14. axb4 axb4 15. c3
Ng4 16. h3 Nxe3 17. Qxe3 e6 18. Kh2 O-O 19. Ng5 Rf6 20. Qf3 Bd7 21. Qe2 Re8 22.
Ne3 Rff8 23. Qd2 Rb8 24. Nc4 Qc7 25. Ra6 d5 26. Ne3 h6 27. Nxe6 Bxe6 28. Nxd5
Qd8 29. Rxc6 Bxd5 30. Rxc5 Bxg2 31. Kxg2 Rc8 32. Rxc8 Qxc8 33. c4 Qb7+ 34. Kh2
Bd4 35. Qe2 Qg7 36. b3 Qf7 37. Re1 Bc3 38. Rd1 Re8 39. Qf3 Bd4 40. Rd2 Re3 41.
Qg2 h5 42. Ra2 Rxd3 43. Ra8+ Kh7 44. Rb8 Bc3 45. Qc6 Rd2+ 46. Kh1 Bg7 47. Rb7
Qf8 48. Qe6 Qc5 49. Rd7 Rb2 50. Rd1 Rxb3 51. Qe2 Qc6+ 0-1

[Event "European Club Cup 2006"]
[Site "Fuegen AUT"]
[Date "2006.10.09"]
[Round "2.137"]
[White "Pilgaard, Kim"]
[Black "Scannell, Stephen"]
[Result "1-0"]
[WhiteElo "2421"]
[BlackElo "2157"]
[PlyCount "105"]
[EventDate "2006.10.08"]
[EventType "team"]
[EventRounds "7"]
[EventCountry "AUT"]
[Source "lmi"]
[SourceDate "2006.10.08"]

1. e4 c5 2. Nf3 g6 3. d4 cxd4 4. Nxd4 Nc6 5. c4 Nf6 6. Nc3 d6 7. Nc2 Bg7 8. Be2
O-O 9. O-O Bd7 10. Be3 Rc8 11. f4 Na5 12. Na3 Nxe4 13. Nxe4 Bxb2 14. Qd3 Bf5
15. Bf3 d5 16. cxd5 Rc3 17. Qxc3 Bxc3 18. Nxc3 a6 19. Rac1 Qd6 20. Nab1 b5 21.
Kh1 Bxb1 22. Nxb1 Nc4 23. Rce1 Re8 24. Bc1 Qb4 25. Be4 Nd6 26. Ba3 Qa5 27. Bf3
b4 28. Bb2 Qxa2 29. Re2 Qc4 30. Rfe1 a5 31. Nd2 Qd3 32. Ne4 Nxe4 33. Rxe4 Qxd5
34. Rxe7 Rxe7 35. Rxe7 Qb5 36. h3 a4 37. Rb7 Qf1+ 38. Kh2 f5 39. Rxb4 Qa6 40.
Rb8+ Kf7 41. Ra8 Qc4 42. Be5 h5 43. Ra7+ Ke8 44. Bd1 a3 45. Rxa3 h4 46. Ra8+
Ke7 47. Ra7+ Kd8 48. Rg7 Qe6 49. Ba4 Qa6 50. Bb3 Qa3 51. Bf6+ Ke8 52. Re7+ Kf8
53. Rb7 1-0

[Event "European Club Cup 2006"]
[Site "Fuegen AUT"]
[Date "2006.10.09"]
[Round "2.138"]
[White "Waters, Michael"]
[Black "Bromann, Thorbjorn"]
[Result "0-1"]
[WhiteElo "2110"]
[BlackElo "2379"]
[PlyCount "66"]
[EventDate "2006.10.08"]
[EventType "team"]
[EventRounds "7"]
[EventCountry "AUT"]
[Source "lmi"]
[SourceDate "2006.10.08"]

1. e4 g6 2. Nc3 Bg7 3. Bc4 c6 4. Qf3 e6 5. d3 d5 6. Bb3 Nd7 7. Nge2 Nc5 8. O-O
d4 9. Nb1 a5 10. a3 Nxb3 11. cxb3 e5 12. Qg3 Be6 13. Nd2 Ne7 14. f4 exf4 15.
Nxf4 O-O 16. Nc4 Bc8 17. Ne2 b5 18. Nd6 Be6 19. Bg5 Ra7 20. Nf5 Bxf5 21. exf5
f6 22. fxg6 fxg5 23. Rxf8+ Qxf8 24. Rf1 Qe8 25. gxh7+ Kh8 26. Kh1 Nd5 27. Ng1
Ne3 28. Re1 Qe5 29. Qf3 Qd5 30. Qg3 Be5 31. Qf2 Rf7 32. Qe2 g4 33. h3 Rxh7 0-1

[Event "European Club Cup 2006"]
[Site "Fuegen AUT"]
[Date "2006.10.09"]
[Round "2.139"]
[White "Brinck Claussen, Bjorn"]
[Black "McDonnell, James J"]
[Result "1/2-1/2"]
[WhiteElo "2361"]
[BlackElo "2033"]
[PlyCount "100"]
[EventDate "2006.10.08"]
[EventType "team"]
[EventRounds "7"]
[EventCountry "AUT"]
[Source "lmi"]
[SourceDate "2006.10.08"]

1. e4 c5 2. Nf3 Nc6 3. d4 cxd4 4. Nxd4 Nf6 5. Nc3 d6 6. Bg5 e6 7. Qd2 Be7 8.
O-O-O O-O 9. f4 Nxd4 10. Qxd4 Qa5 11. Bc4 Bd7 12. e5 dxe5 13. fxe5 Bc6 14. Bd2
Nd7 15. Nd5 Qd8 16. Nxe7+ Qxe7 17. Rhe1 Qc5 18. Qxc5 Nxc5 19. Bb4 b6 20. Rd2
Rfd8 21. Red1 Rxd2 22. Rxd2 Kf8 23. Ba3 Ke8 24. Rd4 Rd8 25. Rg4 g6 26. b3 h5
27. Rg3 Ne4 28. Re3 Nf2 29. Re1 Rd4 30. Bf1 Kd8 31. Bb2 Re4 32. Rxe4 Bxe4 33.
h3 Nh1 34. g4 Ng3 35. Bb5 hxg4 36. hxg4 Bf3 37. g5 Ne4 38. Bd4 Nxg5 39. a4 Bb7
40. a5 Nf3 41. Bf2 Nxe5 42. axb6 a6 43. Bh4+ Kc8 44. Be8 Bc6 45. Bxc6 Nxc6 46.
c4 Kb7 47. c5 Nd4 48. Kb2 Kc6 49. Bf6 Nf5 50. Ka3 Ne3 1/2-1/2

[Event "European Club Cup 2006"]
[Site "Fuegen AUT"]
[Date "2006.10.09"]
[Round "2.143"]
[White "Pinter, Jozsef"]
[Black "Maki Uuro, Miikka"]
[Result "1-0"]
[WhiteElo "2513"]
[BlackElo "2392"]
[PlyCount "79"]
[EventDate "2006.10.08"]
[EventType "team"]
[EventRounds "7"]
[EventCountry "AUT"]
[Source "lmi"]
[SourceDate "2006.10.08"]

1. d4 d5 2. c4 c6 3. Nc3 e5 4. e3 exd4 5. exd4 Nf6 6. Nf3 Be7 7. h3 O-O 8. Be3
dxc4 9. Bxc4 Nbd7 10. O-O Nb6 11. Bb3 Nbd5 12. Bg5 Be6 13. Re1 Re8 14. Qd2 Nc7
15. Bc2 Bd5 16. Qd3 g6 17. Ne5 Ne6 18. Be3 Bf8 19. Rad1 Qc7 20. f4 Ng7 21. Bf2
Be6 22. Qf3 Rad8 23. g4 Bd5 24. Qg3 Nd7 25. Nxd5 cxd5 26. Ba4 Nf6 27. Bxe8 Rxe8
28. Qb3 Ne4 29. Qxd5 Nxf2 30. Kxf2 Ne6 31. Qc4 Qb6 32. Nxf7 Kxf7 33. f5 gxf5
34. gxf5 Qd6 35. fxe6+ Kg7 36. Re5 Be7 37. Qd3 Rf8+ 38. Ke2 Bf6 39. Rg1+ Kh8
40. Qxh7+ 1-0